000 00312nam a2200121Ia 4500
008 210428s9999 xx 000 0 und d
082 _a543 H254 E
100 _aDaniel C.Harris
_952173
245 0 _aExploring Chemical Analysis
260 _bW.H.Freeman Company
_aNew york
_c2001
300 _a607p
942 _cBK
999 _c560045
_d560045